Vojenské mapovanie na Slovensku 1769-1883

Enregistré dans:
Détails bibliographiques
Auteurs principaux: Jankó, Annamária (Auteur), Porubská, Bronislava (Auteur)
Format: Livre
Langue:slovaque
Publié: Bratislava : Pamiatkový úrad Slovenskej republiky, 2010
Sujets:
Tags: Ajouter un tag
Pas de tags, Soyez le premier à ajouter un tag!

MARC

LEADER 00000nam a22000003a 4500
001 stu224245
005 20190213111946.4
008 110420s2010------------------------slo-d
020 |a 978-80-89175-45-1 
040 |a STU  |b slo 
041 0 |a slo 
100 1 |a Jankó, Annamária  |4 aut 
245 1 |a Vojenské mapovanie na Slovensku 1769-1883 
260 |a Bratislava :  |b Pamiatkový úrad Slovenskej republiky,  |c 2010 
300 |a 144 s, +CD-ROM 3ks 
650 7 |a Slovensko geografia  |2 stusub 
650 7 |a mapy vojenské  |2 stusub 
650 7 |a história  |2 stusub 
700 1 |a Porubská, Bronislava  |4 aut 
996 |b 284AU04876  |c A*7499 U  |l AAKNAR  |s A  |a 24  |w stu224245_0001 
996 |b 284V037133  |c V*9287/K-2367  |l VVT  |s A  |a 24  |w stu224245_0002 
996 |b 284AU05764  |c A*8561 U  |l AAKNAR  |s A  |a 24  |w stu224245_0003 
996 |b 284AU05765  |c A*8562 U  |l AAKNAR  |s A  |a 24  |w stu224245_0004